| 000 | 00598nam a2200193 i 4500 | ||
|---|---|---|---|
| 001 | 87995 | ||
| 003 | ES-MaACL | ||
| 005 | 20250630161401.0 | ||
| 007 | t| | ||
| 008 | 041230s1967 sp |||| | spa d | ||
| 100 | 1 |
_aLaffay, Jean. _9168226 |
|
| 245 | 1 | 4 |
_a¿La era comunista? / _cJean Laffay ; [versión española, Juan Gil Albert]. |
| 260 |
_aValencia : _bFomento de Cultura, _c[1967] |
||
| 300 |
_a247 p. ; _c19 cm. |
||
| 651 |
_aEuropa- _xSituación económica- _y1945-1989. _98634 |
||
| 700 | 1 |
_aGil-Albert, Juan, _d1904-1994 _956757 |
|
| 852 |
_aES-MaACL _jC-33854 |
||
| 999 |
_c87995 _d87995 |
||